Spell the Capital of Burkina Faso - Statistics

General Stats
  • This quiz has been taken 254 times
  • The average score is 10 of 11
Answer Stats
Capital % Correct
O
100%
u
97%
a
93%
a
93%
g
93%
d
91%
o
90%
g
89%
u
89%
o
87%
u
87%
No matching quizzes found
Score Distribution
Percent of People with Each Score
Percentile by Number Answered
Your Score History
You have not taken this quiz